| 000 | 00613nam a22002177a 4500 | ||
|---|---|---|---|
| 003 | BD-ChCU | ||
| 005 | 20251119124848.0 | ||
| 008 | 251119b usa ||||| |||| 00| 0 eng d | ||
| 020 | _a9780415271714 | ||
| 040 | _cBD-ChCU | ||
| 082 | _a551.5 B279a | ||
| 100 |
_aBarry, Roger G. _916480 |
||
| 245 |
_aAtmosphere, Weather and climate / _cRoger G. Barry and Richard J. Chorley |
||
| 250 | _a8th ed. | ||
| 260 |
_aNew York : _bRoutledge, _cc2003 |
||
| 300 | _a421p. | ||
| 504 | _aIncludes bibliog and Index | ||
| 650 | 0 |
_aMeteorology _916484 |
|
| 700 |
_aChorley, Richard J. _916485 |
||
| 942 |
_2ddc _cBK _n0 |
||
| 999 |
_c109614 _d109614 |
||